Блок и его время (Запись № 4194920)

Подробности
000 -МАРКЕР
контрольное поле 01748nam0a2200373 i 4500
001 - ИДЕНТИФИКАТОР ЗАПИСИ
контрольное поле RU\NLR\bibl\2000029
005 - ИДЕНТИФИКАТОР ВЕРСИИ
контрольное поле 20260531063010.0
010 ## - МЕЖДУНАРОДНЫЙ СТАНДАРТНЫЙ НОМЕР КНИГИ (ISBN)
Номер (ISBN) 9785271426896
Тираж 3000
021 ## - НОМЕР ГОСУДАРСТВЕННОЙ РЕГИСТРАЦИИ
Код страны Российская Федерация
Номер 2013-5277
Номер Листа государственной регистраци 376
035 ## - ДРУГИЕ СИСТЕМНЫЕ НОМЕРА
Идентификатор записи (nilc)LIBNET\0000302071
035 ## - ДРУГИЕ СИСТЕМНЫЕ НОМЕРА
Идентификатор записи (NLR Aleph) 001988776
100 ## - ДАННЫЕ ОБЩЕЙ ОБРАБОТКИ
Данные общей обработки 20121221d2012 u y0rusy50 ca
101 1# - ЯЗЫК РЕСУРСА
Язык текста, звукозаписи и т.д. русский
Язык оригинала французский
102 ## - СТРАНА ПУБЛИКАЦИИ ИЛИ ПРОИЗВОДСТВА
Страна публикации Российская Федерация
105 ## - ПОЛЕ КОДИРОВАННЫХ ДАННЫХ: ТЕКСТОВЫЕ МАТЕРИАЛЫ, МОНОГРАФИЧЕСКИЕ
Кодированные данные о монографическом текстовом документе y |||||||||
200 1# - ЗАГЛАВИЕ И СВЕДЕНИЯ ОБ ОТВЕТСТВЕННОСТИ
Основное заглавие Блок и его время
Сведения, относящиеся к заглавию биография
Первые сведения об ответственности Нина Берберова
Последующие сведения об ответственности [пер. с фр. А. Курт, А. Райской]
210 ## - ПУБЛИКАЦИЯ, РАСПРОСТРАНЕНИЕ И ДР.
Место издания, распространения и т.д. Москва
Имя издателя, распространителя и т. д. Астрель
Дата издания, распространения и т.д. 2012
215 ## - ФИЗИЧЕСКАЯ ХАРАКТЕРИСТИКА
Специфическое обозначение материала и объем 252, [2] с.
Размеры 21
300 ## - ОБЩИЕ ПРИМЕЧАНИЯ
Текст примечания Загл. и авт. ориг.: Alexandre Blok et son temps / Nina Berberova
320 ## - ПРИМЕЧАНИЯ О НАЛИЧИИ В ДОКУМЕНТЕ БИБЛИОГРАФИИ / УКАЗАТЕЛЯ
Текст примечания Библиогр. в подстроч. прим.
454 #0 - ОРИГИНАЛ (ПЕРЕВОДА)
Встроенное поле 2001#$aAlexandre Blok et son temps$fNina Berberova
-- 700#1$aBerberova$bN. N.$f1901-1993$gNina Nikolaevna
Заглавие Alexandre Blok et son temps
Автор Berberova, Nina Nikolaevna (1901-1993)
600 #1 - ИМЯ ЛИЦА КАК ПРЕДМЕТ
Начальный элемент ввода Блок
Часть имени, кроме начального элемента ввода А.А.
Даты 1880 - 1921
Расширение инициалов личного имени Александр Александрович
Тематический подзаголовок Биография
Системный номер авторитетной/нормативной записи 2095802
Идентификатор авторитетной/нормативной записи RU\NLR\auth\661268062
686 ## - ИНДЕКСЫ ДРУГИХ КЛАССИФИКАЦИЙ
Индекс 83.3(2Рос-Рус)6-84Блок
Издание LBC/RL
Код системы
686 ## - ИНДЕКСЫ ДРУГИХ КЛАССИФИКАЦИЙ
Индекс Ш5(2=Р)53-4Блок2
700 #1 - ИМЯ ЛИЦА - ПЕРВИЧНАЯ ОТВЕТСТВЕННОСТЬ
Код отношения Автор
Материалы, к которым относится поле rus
Графика поля Кириллица
Начальный элемент ввода Берберова
Часть имени, кроме начального элемента ввода Н. Н.
Расширение инициалов личного имени Нина Николаевна
Даты 1901-1993
Идентификатор авторитетной/нормативной записи RU\NLR\auth\7740004
Системный номер авторитетной/нормативной записи 22960
702 #1 - ИМЯ ЛИЦА - ВТОРИЧНАЯ ОТВЕТСТВЕННОСТЬ
Код отношения Прочие
Материалы, к которым относится поле rus
Графика поля Кириллица
Начальный элемент ввода Блок
Часть имени, кроме начального элемента ввода А. А.
Даты 1880-1921
Расширение инициалов личного имени Александр Александрович
Идентификатор авторитетной/нормативной записи RU\NLR\auth\77311
Системный номер авторитетной/нормативной записи 110366
801 #0 - ИСТОЧНИК ЗАПИСИ
Страна Российская Федерация
Организация Пермская ГОУБ
Дата составления 20121221
Правила каталогизации rcr
801 #1 - ИСТОЧНИК ЗАПИСИ
Страна Российская Федерация
Организация Пермская ГОУБ
Дата составления 20121221
801 #2 - ИСТОЧНИК ЗАПИСИ
Страна Российская Федерация
Организация NLR
Дата составления 20130213
Правила каталогизации rcr
942 ## - ДОПОЛНИТЕЛЬНЫЕ ЭЛЕМЕНТЫ ЗАПИСИ (АБИС)
Тип экземпляра АБИС Книга
980 ## - КОЛЛЕКЦИЯ
Название коллекции НБР

Нет доступных экземпляров.